000 00902nam a2200241 i 4500
001 bg
100 1 _aSTAWICKA-WAŁKOWSKA, Maria
245 1 0 _aProcesy wdrażania zrównoważonego rozwoju w budownictwie =
_bImplementation of sustainable development in construction /
_cMaria Stawicka-Wałkowska.
260 _aWarszawa :
_bWydawnictwa ITB,
_c2001.
300 _a79 s. :
_bil. (w tyn kolor.) ;
_c24 cm.
490 1 _aPrace Naukowe Instytutu Techniki Budowlanej. Monografie =
_aScientific Papers of the Building Research Institute. Monographs
500 _aStreszcz. ang.
504 _aBibliogr.
650 9 _aBudownictwo a środowisko człowieka
830 0 _aPrace Naukowe Instytutu Techniki Budowlanej. Monografie
020 _a8373212949
040 _cBPK
041 0 _apl
_ben
080 _a69:504
920 _a83-7321-294-9
942 _cKS
008 s pl f |000 0 pol
999 _c40439
_d40439
856 _uhttp://koha.tu.koszalin.pl/cgi-bin/koha/opac-detail.pl?biblionumber=40439
_yKatalog online BPK